000 00623nam a2200217Ia 4500
003 OSt
005 20251112142601.0
008 210716s2016 xx 000 0 und d
020 _a9788178080192
040 _cAIMIT LIBRARY
041 _aeng
082 _a006.671
_bMARN
100 _aMarkham, Noel.
_9245203
245 _aJava programming interviews exposed /
_cBy Noel Markham.
250 _a1st ed.
260 _aNew Delhi :
_bWiley India Pvt Ltd ,
_c2016.
300 _axvi,368 p.;
_bPB
_c24.5 cm.
650 _2Writing a noticeable resume
650 _2Writing core algorithms
942 _2ddc
_cBK
_k006.671 MARN
999 _c195496
_d195496